=LDR 00000nam 2200000 4500 =001 INLIS000000000019140 =005 20130612114235 =008 ***********************************Ind** =035 ##$$0010-061300000019140 =041 ##$$a Ind =082 ##$$a 823 =090 ##$$a 823, Mon m =100 ##$$a Monsarrat, Nicholas =245 ##$$a The cruel sea, Nicholas Monsarrat =260 ##$$a 1984 $b London =300 ##$$a 731 hlm, 21 cm =650 ##$$a Fiksi Inggris =850 ##$$a NBPNMAT